Quiz sur les Côtes-d'Armor - Statistiques

Statistiques générales
  • Ce quiz a été pris 3 814 fois
  • Le résultat moyen est 9 sur 16
Statistiques - réponses
Question Réponse % Correct
Numéro du département 22
96%
Région dans laquelle le département se situe Bretagne
96%
Mer qui borde le département au nord Manche
95%
Préfecture et plus grande ville Saint-Brieuc
87%
Ville de 7 000 hab. dont le club de football a remporté 2 Coupes de France Guingamp
78%
Deuxième plus grande ville, avec une agglomération de 50 000 habitants Lannion
57%
Nom que celui-ci portait jusqu'en 1990 Côtes-du-Nord
55%
Sous-préfecture et ville fortifiée située dans le Poudouvre Dinan
51%
Cycliste français qui a remporté 5 Tours de France entre 1978 et 1985 Bernard Hinault
48%
Gentilé désignant un habitant des Côtes-d'Armor Costarmoricain
44%
Célèbre station balnéaire située sur la côte de granit rose {Perros}-{Guirec}
44%
Cap qui sépare la baie de la préfecture de Saint-Malo et l'Ille-et-Vilaine Cap-{Fréhel}
39%
Port de pêche à l'autre extrémité de cette baie, en face de l'archipel Bréhat Paimpol
34%
Multimilliardaire et collectionneur d'art, fondateur d'Artémis et Kering (PPR) François Pinault
32%
Pays traditionnel breton dans lequel celle-ci se situe (indice : le T de KLT) Trégor
31%
Acteur révélé au grand public avec Gérard Depardieu et Miou-Mioudans Les Valseuses avant de se donner la mort, à l'âge de 35 ans Patrick Dewaere
28%
Aucun quiz correspondant
Distribution des résultats
% des personnes avec chaque résultat
Percentile par nombre de réponses
Votre historique - résultats
Vous n’avez pas pris ce quiz